000 00276nam a2200097Ia 4500
008 120527s9999 xx 000 0 und d
100 _aAKINYELE,K.David
245 _aPrinciples of practice of management in healthcare services.
260 _bHealth teams member in
942 _cBK
999 _c23597
_d23597